000 00795nam a2200229Ii 4500
003 JO-AjNU
008 230605s9999||||xx |||||||||||||| ||und||
017 _a1999/9/1538
020 _a9957-07-067-3
040 _aJO-AjNU
_bara
_erda
_cJO-AjNU
041 _aara
050 1 4 _aGV443.R576. 1999
100 3 _a الصميدعي، لؤي غانم، م.مشارك سعيد، وضاح غانم,
_eauthor
_942023
245 0 0 _aالتربية البدنية والحركية للاطفال قبل المدرسة
250 _aط1
264 3 1 _aعمان: دار الفكر، 1999
300 _a228ص
336 _atext
_btxt
_2rdacontent
337 _aunmediated
_bn
_2rdamedia
338 _avolume
_bnc
_2rdacarrier
650 4 _aالتربية البدنية - تربية الاطفال
_942024
999 _aA17963
_c21531
_d21531